000 00483nam a22001937a 4500
003 MPLRDC
005 20220104161423.0
008 210129b ||||| |||| 00| 0 eng d
020 _a983-3469-02-7
082 _a848.3 YS v.249
100 _a亦舒
245 _a吻所有女孩
_c
250 _a一版一刷
260 _a
_b天地图书(新)有陈公司
_c2006
300 _b
490 _a亦舒系列. 小说; 249
650 _a现代别集
942 _cBK
_o848.3 YS v.249
999 _c55471
_d55461